Supreme Court Judgments: (Record no. 184479)
[ view plain ]
| 000 -LEADER | |
|---|---|
| fixed length control field | 00582nam a22001817a 4500 |
| 005 - DATE AND TIME OF LATEST TRANSACTION | |
| control field | 20220120163852.0 |
| 010 ## - LCCN (DPL NO) | |
| LC control number | ENG-131287 |
| 020 ## - INTERNATIONAL STANDARD BOOK NUMBER | |
| International Standard Book Number | 978-93-90906-64-2 |
| Terms of availability | 275.00 |
| 035 ## - SYSTEM CONTROL NUMBER | |
| System control number | EN-114819 |
| 037 ## - SOURCE OF ACQUISITION | |
| Source of stock number/acquisition | DBAD |
| 082 ## - DEWEY DECIMAL CLASSIFICATION NUMBER | |
| Classification number | 348.54044 |
| 100 ## - MAIN ENTRY--PERSONAL NAME | |
| Personal name | Agrawal, P.K. |
| 245 ## - TITLE STATEMENT | |
| Title | Supreme Court Judgments: |
| Statement of responsibility, etc | P.K. Agrawal |
| Remainder of title | 85 LANDMARK/ |
| 260 ## - PUBLICATION, DISTRIBUTION, ETC. (IMPRINT) | |
| Place of publication, distribution, etc | New Delhi |
| Name of publisher, distributor, etc | Prabhat Exam |
| Date of publication, distribution, etc | 2022 |
| 270 ## - ADDRESS | |
| City | New Delhi |
| Address | 4/19, Asaf Ali Road |
| Postal code | 110002 |
| Telephone number | 23289555, 23289666 |
| Electronic mail address | prabhatbook@gmail.com |
| 300 ## - PHYSICAL DESCRIPTION | |
| Extent | vii, 262p. |
| Dimensions | 21cm(pbk) |
| Other physical details | References |
| 942 ## - ADDED ENTRY ELEMENTS (KOHA) | |
| Source of classification or shelving scheme | Dewey Decimal Classification |
| Item type | English Books |
| Classification part | 348.54044 |
| Call number suffix | AGR |
| Withdrawn status | Lost status | Not for loan | Collection code | Home library | Current library | Date acquired | Source of acquisition | Cost, normal purchase price | Full call number | Barcode | Copy number | Cost, replacement price | Koha item type |
|---|---|---|---|---|---|---|---|---|---|---|---|---|---|
| Non-fiction | Bawana | Bawana | 20/01/2022 | DBAD/PUB | 275.00 | 348.54044 AGR | EN-114819 | 1 | 275.00 | English Books |
